| 000 | 00342nam a2200109Ia 4500 | ||
|---|---|---|---|
| 008 | 171211s9999 xx 000 0 und d | ||
| 245 | _aGradience, Gradualness and Grammaticalization | ||
| 245 | _cElizabeth Closs Traugott and Graeme Trousdale | ||
| 260 | _c2010 | ||
| 650 | _xCULTURE | ||
| 856 | _uhttp://down.ebook777.com/063/9789027206718.pdf | ||
| 999 |
_c347785 _d347785 |
||